[Event "Brno /Olexa/"]
[Site "?"]
[Date "2013.12.25"]
[Round "1"]
[White "Snorek, Milan"]
[Black "Vavrousek, Petr"]
[Result "1-0"]
[WhiteElo "2129"]
[BlackElo "1786"]
[PlyCount "89"]
[EventDate "2013.??.??"]

1. d4 d5 2. Nf3 Nf6 3. c4 c6 4. Nc3 a6 5. cxd5 cxd5 6. Bf4 Nc6 7. e3 e6 8. Bd3
Bd6 9. Bxd6 Qxd6 10. O-O O-O 11. h3 b5 12. Rc1 Bb7 13. Qe2 Rac8 14. Bb1 Rc7 15.
Rfd1 Rfc8 16. a3 Na5 17. Na2 Rxc1 18. Nxc1 Nc4 19. Nd3 Ne4 20. Nde5 Nxe5 21.
Nxe5 Nf6 22. g4 Nd7 23. Qd3 g6 24. f4 Nxe5 25. fxe5 Qe7 26. Rf1 Qh4 27. Kh2 h5
28. Qe2 hxg4 29. Qxg4 Qxg4 30. hxg4 a5 31. Bd3 b4 32. axb4 axb4 33. Kg3 Ra8 34.
Rc1 Kg7 35. Kf4 Ba6 36. Bb1 Bc4 37. e4 Ra1 38. exd5 exd5 39. e6 fxe6 40. Ke5
Ra6 41. g5 Be2 42. Rc7+ Kf8 43. Bxg6 Bg4 44. Bh7 Ra1 45. g6 1-0

[Event "Brno /Olexa/"]
[Site "?"]
[Date "2013.12.25"]
[Round "1"]
[White "Divis, Jan"]
[Black "Paral, Stanislav"]
[Result "0-1"]
[WhiteElo "1739"]
[BlackElo "2068"]
[PlyCount "86"]
[EventDate "2013.??.??"]

1. d4 Nf6 2. Nf3 e6 3. Bf4 d5 4. Nbd2 Nbd7 5. e3 Be7 6. c4 c6 7. Ne5 Qa5 8. a3
Nxe5 9. Bxe5 dxc4 10. Bxc4 b5 11. Be2 O-O 12. b4 Qb6 13. Bf3 a5 14. Bxf6 Bxf6
15. Ne4 {(R)} Be7 16. Nc5 Rd8 17. O-O e5 18. Re1 Bf5 19. g4 Bg6 20. Rc1 axb4
21. axb4 Rac8 22. Qb3 exd4 23. exd4 Bg5 24. Ra1 Rxd4 25. Red1 Qd8 26. Rxd4 Qxd4
27. Rd1 Qc4 28. Qxc4 bxc4 29. Ne4 Be7 30. Rc1 Bxb4 31. Rxc4 c5 32. Nd6 Rc7 33.
Be4 Kf8 34. Bxg6 hxg6 35. Re4 Re7 36. Rxe7 Kxe7 37. Nc4 Ke6 38. f4 Kd5 39. Ne5
Ke4 40. Nxf7 Kxf4 41. h3 c4 42. Nh8 c3 43. Nxg6+ Ke4 0-1

[Event "Brno /Olexa/"]
[Site "?"]
[Date "2013.12.25"]
[Round "1"]
[White "Spodny, Josef"]
[Black "Doskar, Miloslav"]
[Result "1-0"]
[WhiteElo "2009"]
[BlackElo "1738"]
[PlyCount "135"]
[EventDate "2013.??.??"]

1. d4 Nf6 2. Nf3 e6 3. Bg5 Be7 4. Nbd2 b6 5. e4 d6 6. Bd3 h6 7. Bxf6 Bxf6 8.
Qe2 Bb7 9. O-O-O O-O 10. h4 Nc6 11. c3 e5 12. d5 Ne7 13. Nc4 Bc8 14. Ne3 a6 15.
h5 Bd7 16. g4 Nc8 17. Nf5 b5 18. Rdg1 Bg5+ 19. Nxg5 Qxg5+ 20. Qd2 Qxd2+ 21.
Kxd2 f6 22. Rc1 Kf7 23. c4 Ra7 24. Rc2 Ne7 25. Rhc1 Nxf5 26. gxf5 Rc8 27. cxb5
axb5 28. a3 Ke7 29. Rc3 Be8 30. Be2 Bd7 31. Rb3 Rb8 32. Rb4 Kf7 33. Rc3 Rab7
34. Ke3 Ke7 35. Kd2 Kf7 36. Bd1 Rc8 37. Bb3 Ke7 38. Rg3 Rg8 39. Bd1 Kf7 40. Be2
Rc8 41. Rc3 Ra7 42. Bd3 Ra5 43. Rcb3 Rb8 44. a4 Ke7 45. Bxb5 Bxb5 46. Rxb5
Rbxb5 47. axb5 Ra4 48. f3 Ra1 49. b6 cxb6 50. Rxb6 Rh1 51. Rb7+ Ke8 52. b4 Rxh5
53. b5 Rh2+ 54. Kc3 Rh3 55. b6 Rxf3+ 56. Kc4 Rf1 57. Rxg7 Rb1 58. b7 Kd8 59.
Rf7 h5 60. Rxf6 Rxb7 61. Rxd6+ Ke7 62. Rh6 Rc7+ 63. Kb5 Rb7+ 64. Kc6 Rb4 65.
d6+ Kf7 66. d7 Rc4+ 67. Kd5 Rd4+ 68. Kxe5 1-0

[Event "Brno /Olexa/"]
[Site "?"]
[Date "2013.12.25"]
[Round "1"]
[White "Brhlik, Antonin"]
[Black "Kopkan, Pavel"]
[Result "1-0"]
[WhiteElo "1694"]
[BlackElo "1905"]
[PlyCount "170"]
[EventDate "2013.??.??"]

1. e4 d5 2. exd5 Nf6 3. d4 Bg4 4. Nf3 Nxd5 5. c4 Nb6 6. Be2 Nc6 7. d5 Bxf3 8.
Bxf3 Ne5 9. Be2 e6 10. O-O exd5 11. cxd5 Qxd5 12. Nc3 Qxd1 13. Rxd1 Bd6 14. Nb5
Ke7 15. Bf4 a6 16. Nd4 Rhd8 17. Nf5+ Kf6 18. Ng3 Rac8 19. Be3 g6 20. Bh6 Bf8
21. Ne4+ Kf5 22. Ng3+ Ke6 23. Bxf8 Rxf8 24. Ne4 c5 25. Rd6+ Ke7 26. Rxb6 Rc7
27. Rd1 f5 28. Ng5 Rf6 29. Rxf6 Kxf6 30. Nf3 c4 31. Nxe5 Kxe5 32. Bf3 b5 33.
Rd5+ Ke6 34. Rd2 b4 35. Kf1 c3 36. bxc3 bxc3 37. Rc2 Ke5 38. Bd1 Kd4 39. Re2
Kd3 40. Bc2+ Kd4 41. Ke1 Rb7 42. Kd1 Rb2 43. a4 Ra2 44. Bb3 Ra1+ 45. Kc2 Rh1
46. h3 f4 47. f3 Rg1 48. Re4+ Kc5 49. Kxc3 Rxg2 50. Rxf4 g5 51. Rg4 Rf2 52.
Rxg5+ Kd6 53. Rf5 a5 54. Bd5 Rf1 55. Be4 Rh1 56. Rh5 Ra1 57. Rxa5 Ra3+ 58. Kd4
h5 59. Rd5+ Ke6 60. a5 h4 61. Rh5 Ra4+ 62. Ke3 Kf6 63. Kf4 Ra3 64. Kg4 Ra1 65.
Kxh4 Rg1 66. Rf5+ Ke6 67. Rg5 Ra1 68. a6 Kf7 69. Bb7 Ra4+ 70. Rg4 Ra3 71. f4
Kf6 72. Rg5 Kf7 73. f5 Kf6 74. Bc8 Rc3 75. Rg6+ Kf7 76. Be6+ Ke7 77. Bd5 Ra3
78. a7 Rxa7 79. Rg7+ Kf6 80. Rxa7 Kxf5 81. Re7 Kf6 82. Re4 Kg6 83. Kg4 Kg7 84.
Re6 Kf7 85. Kg5 Kg8 1-0

[Event "Brno /Olexa/"]
[Site "?"]
[Date "2013.12.25"]
[Round "1"]
[White "Binder, Jaroslav"]
[Black "Martirosyan, Ara"]
[Result "1/2-1/2"]
[WhiteElo "1877"]
[BlackElo "1627"]
[PlyCount "75"]
[EventDate "2013.??.??"]

1. e4 c5 2. Ne2 Nc6 3. Nbc3 g6 4. g3 Bg7 5. Bg2 Nf6 6. d3 O-O 7. O-O e6 8. f4
d5 9. exd5 exd5 10. h3 Qb6 11. Kh2 d4 12. Na4 Qa5 13. b3 Bd7 14. Bd2 Qb5 15.
Nb2 Rfe8 16. Nc4 Qa6 17. a4 Re7 18. g4 Be6 19. Ng3 Bd5 20. Bxd5 Nxd5 21. Qf3
Ndb4 22. Rac1 Rae8 {(R)} 23. f5 Ne5 24. Nxe5 Bxe5 25. Bf4 Na2 26. Rcd1 Nc3 27.
Rd2 Bxf4 28. Qxf4 Nd5 29. Qh6 gxf5 30. Nxf5 Qxh6 31. Nxh6+ Kf8 32. Rdf2 f6 33.
g5 Re2 34. Kg1 Rxf2 35. Rxf2 Kg7 36. Nf5+ Kg6 37. gxf6 Nxf6 38. Nd6 {(R)}
1/2-1/2

[Event "Brno /Olexa/"]
[Site "?"]
[Date "2013.12.25"]
[Round "1"]
[White "Hala, Pavel"]
[Black "Kosina, Vladimir"]
[Result "1-0"]
[WhiteElo "1593"]
[BlackElo "1793"]
[PlyCount "171"]
[EventDate "2013.??.??"]

1. c4 e5 2. e4 Nf6 3. d3 c6 4. Nf3 Be7 5. Nc3 Qc7 6. a3 O-O 7. Be2 d6 8. h3 Be6
9. O-O Re8 10. Bg5 Nbd7 11. b4 a6 12. Be3 Nf8 13. Qd2 Rad8 14. Qb2 d5 15. cxd5
cxd5 16. exd5 Nxd5 17. Nxd5 Rxd5 18. Rac1 Qb8 19. Nd2 f5 20. f3 Bf6 21. Qb1
Rdd8 22. Nb3 f4 23. Bf2 b6 24. Rc6 Rd6 25. Rfc1 Bd5 26. Rxd6 Qxd6 27. Nd2 Bd8
28. Ne4 Qg6 29. Rc8 Be6 30. Rc6 Qf7 31. Qc1 Bd7 32. Rc3 Qg6 33. Kf1 h6 34. d4
exd4 35. Bxd4 Ne6 36. Bc4 Rf8 37. Bf2 Kh8 38. Bd3 Qh5 39. Bxa6 Qe5 40. Qd2 Bb5+
41. Bxb5 Qxb5+ 42. Qe2 Qe5 43. Qe1 Nd4 44. Rc8 Qb5+ 45. Kg1 Ne2+ 46. Kh2 Be7
47. Rxf8+ Bxf8 48. Qd2 Be7 49. Nd6 Qa6 50. Nf7+ Kg8 51. Qa2 Kh7 52. Qc2+ g6 53.
Bxb6 Qxb6 54. Qxe2 Bh4 55. Ne5 Bg3+ 56. Kh1 Qd4 57. Nd3 Qa1+ 58. Ne1 Qxe1+ 59.
Qxe1 Bxe1 60. Kg1 Kg7 61. Kf1 Bc3 62. Ke2 Kf6 63. Kd3 Be1 64. Kc4 Ke6 65. Kc5
Kd7 66. b5 Bf2+ 67. Kd5 Kc7 68. Ke5 Kb6 69. Kf6 g5 70. a4 Ka5 71. Kg6 Bb6 72.
Kxh6 Bd8 73. Kh5 Kxa4 74. b6 Bxb6 75. Kxg5 Bc7 76. h4 Kb4 77. Kf5 Kc4 78. h5
Kd4 79. h6 Ke3 80. h7 Kf2 81. h8=Q Kxg2 82. Ke4 Bd6 83. Qg7+ Kf1 84. Qb2 Bf8
85. Kxf4 Bd6+ 86. Kg4 1-0

[Event "Brno /Olexa/"]
[Site "?"]
[Date "2013.12.25"]
[Round "1"]
[White "Hrdlicka, Vladan"]
[Black "Glacner, Karel"]
[Result "1-0"]
[WhiteElo "1792"]
[BlackElo "1589"]
[PlyCount "164"]
[EventDate "2013.??.??"]

1. e4 g6 2. d4 Bg7 3. Nf3 Nf6 4. Nc3 d6 5. h3 b6 6. Be3 O-O 7. Qd2 Bb7 8. Bd3
Nfd7 9. Bh6 a6 10. h4 e5 11. Bxg7 Kxg7 12. h5 g5 13. dxe5 g4 14. Nh4 dxe5 15.
O-O-O Qf6 16. h6+ Kh8 17. Nf5 Nc5 18. f3 Rg8 19. Bc4 b5 20. Bb3 Nbd7 21. Nd5
Nxb3+ 22. axb3 Bxd5 23. Qxd5 Rad8 24. Qb7 Nc5 25. Qa7 Qb6 26. Qxb6 cxb6 27. Rd6
gxf3 28. gxf3 Ne6 29. Rxb6 Nd4 30. Nxd4 exd4 31. Rh3 Rg6 32. Rxg6 fxg6 33. Kd2
Kg8 34. Rg3 Kf7 35. Rg5 Rf8 36. Rd5 Ke6 37. Ke2 Rc8 38. Kd3 Rf8 39. Ke2 Rc8 40.
Rxd4 Rxc2+ 41. Rd2 Rc5 42. Ke3 Rh5 43. Rc2 a5 44. Rc6+ Kd7 45. Ra6 Rxh6 46.
Rxa5 Rh5 47. Kf4 Kc6 48. b4 Kb6 49. Ra3 Rh2 50. Rb3 Rh5 51. Kg4 Re5 52. Rd3 Rh5
53. f4 Rh2 54. Rb3 Rg2+ 55. Kh3 Re2 56. e5 Re4 57. Kg3 Kc6 58. Kf3 Re1 59. Re3
Rf1+ 60. Ke4 Kd7 61. Rf3 Rc1 62. Kd5 Ke7 63. Rc3 Rd1+ 64. Kc5 Rf1 65. Kxb5 Rxf4
66. Rc7+ Ke6 67. Rxh7 Rf2 68. Rg7 Rg2 69. Kb6 Kxe5 70. b5 Ke6 71. Kb7 Kf6 72.
Rg8 Rxb2 73. b6 Kf7 74. Rc8 g5 75. Rc7+ Kf6 76. Rc6+ Ke5 77. Rc5+ Kf6 78. Kc6
g4 79. Rb5 Rc2+ 80. Kd5 Rd2+ 81. Ke4 g3 82. b7 g2 1-0

[Event "Brno /Olexa/"]
[Site "?"]
[Date "2013.12.25"]
[Round "1"]
[White "Richterova, Julie"]
[Black "Zikan, Karel"]
[Result "1/2-1/2"]
[WhiteElo "1440"]
[BlackElo "1791"]
[PlyCount "85"]
[EventDate "2013.??.??"]

1. d4 Nf6 2. c4 e6 3. Nc3 d5 4. Bg5 c6 5. cxd5 exd5 6. Nf3 Be7 7. e3 Bf5 8. Bd3
Bxd3 9. Qxd3 O-O 10. O-O Nbd7 11. Rab1 a5 12. a3 Re8 13. b4 axb4 14. axb4 b5
15. Rfc1 h6 16. Bh4 Ra3 17. Qc2 Qa8 18. Bg3 Nb6 19. Ne5 Nc4 20. Nxc4 bxc4 21.
b5 g6 22. b6 Qb7 23. Rb2 Rea8 24. h3 Rxc3 25. Qxc3 Ne4 26. Qc2 Nxg3 27. fxg3
Ba3 28. Rcb1 Bxb2 29. Qxb2 Ra5 30. Qf2 Ra6 31. Qb2 f5 32. Qb4 Kf7 33. Qc5 Ke6
34. Qb4 g5 35. Qf8 Rxb6 36. Qxh6+ Kd7 37. Qg7+ Kc8 38. Qf8+ Kc7 39. Qf7+ Kb8
40. Qf8+ Kc7 41. Qe7+ Kc8 42. Qe8+ Kc7 43. Qe7+ 1/2-1/2

[Event "Brno /Olexa/"]
[Site "?"]
[Date "2013.12.26"]
[Round "2"]
[White "Hrdlicka, Vladan"]
[Black "Snorek, Milan"]
[Result "1-0"]
[WhiteElo "1792"]
[BlackElo "2129"]
[PlyCount "101"]

1. e4 c5 2. Nf3 e6 3. d4 cxd4 4. Nxd4 a6 5. Nc3 Qc7 6. Bd3 Nf6 7. f4 d6 8. Qf3
e5 9. Nb3 Bg4 10. Qg3 Be6 11. f5 Bxb3 12. axb3 Nc6 13. Bg5 Nb4 14. Bxf6 gxf6
15. Qf2 O-O-O 16. Bc4 d5 17. Nxd5 Rxd5 18. exd5 b5 19. Bd3 Bc5 20. Qd2 e4 21.
Bxb5 axb5 22. Ra8+ Kd7 23. Rxh8 Qe5 24. Qe2 Ke7 25. Rc8 Qd4 26. Rxc5 Qxc5 27.
Qxe4+ Kf8 28. c3 Nxd5 29. Qd4 Qe7+ 30. Kf2 Qb7 31. Rd1 Ne7 32. Qd7 Qb6+ 33. Rd4
Qc5 34. Kf1 Qe5 35. Qd8+ Kg7 36. Rg4+ Kh6 37. Qd2+ Kh5 38. Qf4 Nxf5 39. Qxe5
fxe5 40. Rb4 Nd6 41. c4 bxc4 42. bxc4 Ne4 43. Ke2 Kg5 44. Rb7 Nd6 45. Rc7 f5
46. c5 Nb5 47. Rxh7 e4 48. Ke3 Kf6 49. c6 Ke5 50. g3 Kd6 51. c7 1-0

[Event "Brno /Olexa/"]
[Site "?"]
[Date "2013.12.26"]
[Round "2"]
[White "Paral, Stanislav"]
[Black "Brhlik, Antonin"]
[Result "1-0"]
[WhiteElo "2068"]
[BlackElo "1694"]
[PlyCount "89"]

1. e4 c5 2. f4 d5 3. exd5 Nf6 4. Bb5+ Bd7 5. Bxd7+ Qxd7 6. c4 e6 7. Qe2 Bd6 8.
f5 O-O 9. fxe6 fxe6 10. Qxe6+ Qxe6+ 11. dxe6 Nc6 12. Nf3 Nb4 13. Kd1 Ng4 14.
Rf1 Rae8 15. h3 Ne5 16. b3 Nbd3 17. Nc3 Rxe6 18. Nd5 Nc6 19. Ba3 Nd4 20. Rb1
Rg6 21. Ne3 b6 22. Nxd4 cxd4 23. Bxd6 Rxf1+ 24. Nxf1 Rxd6 25. Ke2 Ne5 26. d3
Rg6 27. g3 Rh6 28. h4 Re6 29. Nd2 Nxc4+ 30. Ne4 Nd6 31. Kf3 Nxe4 32. dxe4 Kf7
33. Rd1 Rc6 34. Rxd4 Ke6 35. Ra4 a5 36. Rc4 Rd6 37. Ke3 Rd1 38. Rc6+ Ke5 39.
Rxb6 Rg1 40. Rb5+ Ke6 41. Kf2 Rc1 42. Rxa5 Rc3 43. h5 Kf6 44. g4 h6 45. b4 1-0

[Event "Brno /Olexa/"]
[Site "?"]
[Date "2013.12.26"]
[Round "2"]
[White "Hala, Pavel"]
[Black "Spodny, Josef"]
[Result "1/2-1/2"]
[WhiteElo "1593"]
[BlackElo "2009"]
[PlyCount "33"]

1. c4 e6 2. Nc3 Bb4 3. e4 d6 4. Nf3 Nf6 5. d3 Nc6 6. a3 Bxc3+ 7. bxc3 e5 8. h3
O-O 9. Be2 Ne7 10. Bg5 Ng6 11. Qd2 h6 12. Be3 Qe7 13. g4 Nh7 14. Rg1 Nh4 15.
Rg3 Nxf3+ 16. Bxf3 g5 17. Bd1 1/2-1/2

[Event "Brno /Olexa/"]
[Site "?"]
[Date "2013.12.26"]
[Round "2"]
[White "Zikan, Karel"]
[Black "Binder, Jaroslav"]
[Result "1/2-1/2"]
[WhiteElo "1791"]
[BlackElo "1877"]
[PlyCount "48"]

1. c4 e5 2. Nc3 d6 3. g3 g6 4. Bg2 Bg7 5. Nf3 Ne7 6. d3 Nbc6 7. O-O O-O 8. Rb1
Bg4 9. h3 Be6 10. b4 Qd7 11. Kh2 h6 12. e3 f5 13. Qc2 Kh7 14. b5 Nd8 15. a4 e4
16. Nd4 Bg8 17. Bb2 Rb8 18. Rfd1 exd3 19. Qxd3 Ne6 20. Nxe6 Qxe6 21. Nd5 Nxd5
22. Bxd5 Qe7 23. Bxg8+ Rxg8 24. Bxg7 Rxg7 1/2-1/2

[Event "Brno /Olexa/"]
[Site "?"]
[Date "2013.12.26"]
[Round "2"]
[White "Martirosyan, Ara"]
[Black "Richterova, Julie"]
[Result "1-0"]
[WhiteElo "1627"]
[BlackElo "1440"]
[PlyCount "75"]

1. Nf3 d5 2. g3 c5 3. Bg2 Nc6 4. d3 Bg4 5. O-O e6 6. Nbd2 Nf6 7. c3 Be7 8. e4
O-O 9. Qc2 Rc8 10. a3 Qc7 11. Re1 Rfd8 12. Nf1 b6 13. Ne3 Bxf3 14. Bxf3 d4 15.
Ng4 Nxg4 16. Bxg4 Ne5 17. Bf4 dxc3 18. Qxc3 Bf6 19. Be2 Nd7 20. Bxc7 Bxc3 21.
Bxd8 Bxe1 22. Bg5 Ba5 23. Be7 Bd2 24. Rd1 Bh6 25. f4 f6 26. Bg4 Kf7 27. Bd6 g6
28. e5 f5 29. Bf3 Bf8 30. Bb7 Re8 31. Bc7 Re7 32. Bc8 Re8 33. Bxd7 Re7 34.
Bxe6+ Rxe6 35. d4 cxd4 36. b4 Re7 37. Bd6 Rd7 38. e6+ 1-0

[Event "Brno /Olexa/"]
[Site "?"]
[Date "2013.12.26"]
[Round "2"]
[White "Kopkan, Pavel"]
[Black "Feldvabl, Vilem"]
[Result "1-0"]
[WhiteElo "1905"]
[BlackElo "1772"]
[PlyCount "25"]

1. e4 e5 2. d4 exd4 3. c3 dxc3 4. Bc4 c2 5. Qxc2 Nc6 6. f4 d6 7. Nf3 h6 8. Nc3
Na5 9. Qa4+ Nc6 10. Be3 Bd7 11. O-O-O Ne5 12. Nxe5 Bxa4 13. Bxf7+ 1-0

[Event "Brno /Olexa/"]
[Site "?"]
[Date "2013.12.26"]
[Round "2"]
[White "Kosina, Vladimir"]
[Black "Divis, Jan"]
[Result "1/2-1/2"]
[WhiteElo "1793"]
[BlackElo "1739"]
[PlyCount "133"]

1. e4 d5 2. Nc3 dxe4 3. Nxe4 Bf5 4. Ng3 Bg6 5. Nf3 Nd7 6. Bc4 c6 7. O-O e6 8.
d4 Ne7 9. Re1 Nb6 10. Bd3 Bxd3 11. Qxd3 Nbd5 12. a3 Ng6 13. Bg5 Be7 14. Bxe7
Ndxe7 15. Rad1 O-O 16. Qe4 Qd5 17. Qe3 Nf5 18. Nxf5 Qxf5 19. Rd2 Rfd8 20. Red1
Rd7 21. Ne5 Nxe5 22. dxe5 Rd5 23. c4 Rxd2 24. Qxd2 Rf8 25. Qe2 h6 26. g3 Qg5
27. f4 Qe7 28. Qd3 Qc5+ 29. Kg2 a5 30. Kf3 b5 31. cxb5 cxb5 32. Qd6 Qc4 33. Qd4
Qc6+ 34. Kg4 Qc2 35. Rd2 Qf5+ 36. Kf3 h5 37. Kg2 Rc8 38. Kf2 Kh7 39. Ke3 g6 40.
Qd3 Qxd3+ 41. Rxd3 a4 42. Rd7 Kg7 43. Kd2 Kf8 44. Kd3 Kg7 45. Rb7 Rc5 46. Rb6
Kf8 47. Rd6 Ke7 48. Rd4 f5 49. Kd2 g5 50. h4 g4 51. Rd3 Ke8 52. Rc3 Rd5+ 53.
Kc2 Kd7 54. Rd3 Kc6 55. Rc3+ Rc5 {(R)} 56. Rxc5+ Kxc5 57. Kc3 Kc6 58. Kd4 Kb6
59. Kc3 Kc6 60. b4 Kc7 61. Kd3 Kb6 62. Ke3 Kc7 63. Kd2 Kb7 64. Kc2 Kc6 65. Kc3
Kd5 66. Kd3 Kc6 67. Kd4 1/2-1/2

[Event "Brno /Olexa/"]
[Site "?"]
[Date "2013.12.26"]
[Round "2"]
[White "Vavrousek, Petr"]
[Black "Doskar, Miloslav"]
[Result "0-1"]
[WhiteElo "1786"]
[BlackElo "1738"]
[PlyCount "46"]

1. e4 e5 2. Nf3 Nc6 3. Bb5 a6 4. Bxc6 dxc6 5. O-O Bd6 6. d4 f6 7. dxe5 fxe5 8.
Nxe5 Nf6 9. Nf3 Bg4 10. Re1 Qe7 11. Nc3 O-O-O 12. Qe2 Be5 13. Qe3 Bxf3 14. Qxf3
Rhf8 15. Nd1 Qd7 16. Ne3 g6 17. h3 h5 18. Nc4 Bh2+ 19. Kh1 Ng4 20. Qb3 b5 21.
hxg4 hxg4 22. Bg5 Qh7 23. f4 Bxf4+ 0-1

[Event "Brno /Olexa/"]
[Site "?"]
[Date "2013.12.27"]
[Round "3"]
[White "Paral, Stanislav"]
[Black "Hrdlicka, Vladan"]
[Result "1-0"]
[WhiteElo "2068"]
[BlackElo "1792"]
[PlyCount "141"]

1. e4 c5 2. f4 Qc7 3. e5 b6 4. Nc3 Bb7 5. Nf3 e6 6. Be2 a6 7. d3 Nc6 8. Ne4 d6
9. exd6 Bxd6 10. O-O Nge7 11. c3 h6 12. Nxd6+ Qxd6 13. Be3 Nf5 14. Qc1 O-O 15.
Bf2 Nce7 16. g4 Nd5 17. Ne5 Nfe7 18. Bg3 Qd8 19. c4 Nb4 20. Qc3 Rc8 21. f5 exf5
22. gxf5 f6 23. a3 Nbc6 24. Nxc6 Nxc6 25. Bf3 Nd4 26. Bxb7 Ne2+ 27. Kg2 Nxc3
28. Bxc8 Qxc8 29. bxc3 Re8 30. Ra2 Re3 31. Rd2 Qd7 32. d4 Rxc3 33. d5 Rxc4 34.
d6 b5 35. Re1 Rd4 36. Rxd4 cxd4 37. Re7 Qd8 38. Rc7 a5 39. d7 Kh7 40. Kf3 b4
41. axb4 axb4 42. Ke4 b3 43. Kd3 b2 44. Kc2 Qb8 45. Kb1 Qa8 46. Kxb2 Qd5 47.
Kc1 h5 48. Kd2 Kh6 49. h4 g5 50. Rc6 Qg2+ 51. Kd1 Qf1+ 52. Kd2 Qg2+ 53. Kd1
Qf3+ 54. Kd2 Qe3+ 55. Kd1 Qe7 56. Rd6 Qe3 57. Rxf6+ Kg7 58. Rg6+ Kf7 59. d8=N+
Ke7 60. Re6+ Kxd8 61. Rxe3 dxe3 62. hxg5 Ke8 63. Ke2 Kf7 64. Kxe3 h4 65. Bxh4
Kg7 66. g6 Kg8 67. Ke4 Kg7 68. Ke5 Kh8 69. Ke6 Kg7 70. Bf2 Kf8 71. f6 1-0

[Event "Brno /Olexa/"]
[Site "?"]
[Date "2013.12.27"]
[Round "3"]
[White "Spodny, Josef"]
[Black "Martirosyan, Ara"]
[Result "1/2-1/2"]
[WhiteElo "2009"]
[BlackElo "1627"]
[PlyCount "40"]

1. e4 c5 2. Nf3 g6 3. d4 Bg7 4. Nc3 cxd4 5. Nxd4 Nc6 6. Be3 Nf6 7. Be2 O-O 8.
O-O Nxd4 9. Bxd4 Qa5 10. Qd2 Nxe4 11. Nxe4 Qxd2 12. Nxd2 Bxd4 13. c3 Bg7 14.
Rfe1 d5 15. Rad1 e6 16. Nf3 b6 17. Nd4 Bb7 18. f4 Rac8 19. Bg4 Rcd8 20. Be2 a6
{(R)} 1/2-1/2

[Event "Brno /Olexa/"]
[Site "?"]
[Date "2013.12.27"]
[Round "3"]
[White "Snorek, Milan"]
[Black "Hala, Pavel"]
[Result "1-0"]
[WhiteElo "2129"]
[BlackElo "1593"]
[PlyCount "79"]

1. d4 Nf6 2. Nf3 d5 3. c4 c6 4. Nc3 e6 5. cxd5 exd5 6. Bg5 Be7 7. Qc2 h6 8. Bf4
Be6 9. e3 Nbd7 10. Bd3 Nh5 11. Be5 Nhf6 12. h3 Nf8 13. O-O Rg8 14. Rab1 g5 15.
Bxf6 Bxf6 16. Bf5 Be7 17. b4 b5 18. a4 a6 19. Ne5 Qc8 20. Bxe6 Qxe6 21. e4 Rc8
22. Rfe1 f6 23. exd5 cxd5 24. Ng6 Qxe1+ 25. Rxe1 Nxg6 26. Qb3 Rc4 27. Nxd5 Kf7
28. axb5 axb5 29. Nb6 Bxb4 30. Ra1 Be7 31. Nxc4 bxc4 32. Qxc4+ Kg7 33. Ra7 Re8
34. Qe6 Kf8 35. g3 Rd8 36. d5 h5 37. Kg2 h4 38. Kf3 Ne5+ 39. Ke4 Bd6 40. Qxf6+
1-0

[Event "Brno /Olexa/"]
[Site "?"]
[Date "2013.12.27"]
[Round "3"]
[White "Doskar, Miloslav"]
[Black "Kopkan, Pavel"]
[Result "0-1"]
[WhiteElo "1738"]
[BlackElo "1905"]
[PlyCount "114"]

1. d4 Nf6 2. c4 c5 3. d5 b5 4. cxb5 e6 5. Nc3 exd5 6. Bg5 d4 7. Nd5 Be7 8. Bxf6
Bxf6 9. Qc2 d6 10. Nxf6+ gxf6 11. Qe4+ Be6 12. f4 d5 13. Qd3 Qa5+ 14. Kf2 Qb6
15. Nf3 a6 16. e3 dxe3+ 17. Qxe3 O-O 18. bxa6 Qxb2+ 19. Be2 d4 20. Qd3 Rxa6 21.
Rhb1 Qa3 22. Rxb8 Rxb8 23. Qxa6 Qb2 24. Rd1 Rb6 25. Qd3 Qxa2 26. Nd2 Rb2 27.
Ke1 Qa5 28. Kf1 Qc7 29. Qg3+ Kf8 30. Ne4 Bf5 31. Nxf6 Bg6 32. h4 Rxe2 33. Kxe2
Qe7+ 34. Kf2 Qxf6 35. Ra1 d3 36. Ra8+ Kg7 37. Ra2 h5 38. Rd2 c4 39. Qf3 Qxh4+
40. g3 Qh2+ 41. Ke3 Qg1+ 42. Qf2 Qxf2+ 43. Rxf2 Kf6 44. Kd4 Kf5 45. Kxc4 Kg4
46. Kd4 Kxg3 47. Ke3 Bf5 48. Rf3+ Kg2 49. Rf2+ Kg1 50. Kf3 Be4+ 51. Ke3 f5 52.
Rd2 h4 53. Rd1+ Kg2 54. Ra1 h3 55. Ra2+ Kg3 56. Ra7 h2 57. Rg7+ Kh3 0-1

[Event "Brno /Olexa/"]
[Site "?"]
[Date "2013.12.27"]
[Round "3"]
[White "Binder, Jaroslav"]
[Black "Brhlik, Antonin"]
[Result "1-0"]
[WhiteElo "1877"]
[BlackElo "1694"]
[PlyCount "63"]

1. e4 c5 2. Ne2 Nc6 3. Nbc3 Nf6 4. d3 g6 5. g3 Bg7 6. Bg2 Rb8 7. O-O b5 8. Bf4
d6 9. Qd2 e6 10. h3 O-O 11. Bh6 d5 12. Bxg7 Kxg7 13. exd5 exd5 14. Kh2 b4 15.
Nd1 Qd6 16. Ne3 Bb7 17. d4 c4 18. c3 a5 19. Rae1 Rfe8 20. Qc2 Ne7 21. Ng1 Bc6
22. f4 b3 23. axb3 Rxb3 24. Qf2 Ne4 25. Bxe4 dxe4 26. Nxc4 Qd5 27. Ne3 Qe6 28.
Qc2 Reb8 29. Nd1 Bb5 30. Rxe4 Qf5 31. Ne3 Rxb2 32. Nxf5+ 1-0

[Event "Brno /Olexa/"]
[Site "?"]
[Date "2013.12.27"]
[Round "3"]
[White "Glacner, Karel"]
[Black "Zikan, Karel"]
[Result "1-0"]
[WhiteElo "1589"]
[BlackElo "1791"]
[PlyCount "75"]

1. Nf3 Nf6 2. g3 b6 3. Bg2 Bb7 4. d4 e6 5. b3 Be7 6. O-O O-O 7. Bb2 d5 8. c4
dxc4 9. bxc4 Nbd7 10. Nc3 c5 11. d5 exd5 12. cxd5 Re8 13. d6 Bf8 14. Nb5 Ba6
15. a4 Bxb5 16. axb5 Re6 17. Nd2 Rb8 18. Nc4 Ne8 19. Bh3 Rh6 20. Bg4 Nxd6 21.
Bc1 Rg6 22. Bh5 Re6 23. Rxa7 Ra8 24. Rxa8 Qxa8 25. Nxd6 Rxd6 26. Qb3 Qd5 27.
Qxd5 Rxd5 28. Bf3 Rd4 29. Be3 Rb4 30. Bc6 Ne5 31. Rd1 Be7 32. Bf4 f6 33. Be3 g5
34. Ra1 Nc4 35. Rc1 Nd6 36. Bd2 Rb2 37. Bc3 Rxe2 38. Bd5+ 1-0

[Event "Brno /Olexa/"]
[Site "?"]
[Date "2013.12.27"]
[Round "3"]
[White "Richterova, Julie"]
[Black "Kosina, Vladimir"]
[Result "0-1"]
[WhiteElo "1440"]
[BlackElo "1793"]
[PlyCount "108"]

1. d4 d5 2. c4 c6 3. Nc3 Nf6 4. Nf3 Bf5 5. Bg5 e6 6. cxd5 exd5 7. e3 Bd6 8. Bd3
Bg6 9. O-O Nbd7 10. Rb1 Qe7 11. a3 O-O 12. b4 Rfe8 13. Bxg6 hxg6 14. Qb3 Qe6
15. b5 Nb6 16. Rfc1 Nc4 17. a4 Rac8 18. Ra1 Ne4 19. Nxe4 Qxe4 20. a5 f6 21. Bh4
g5 22. Bg3 g4 23. Ne1 Bxg3 24. hxg3 Kf7 25. Nd3 Nxe3 26. Nf4 g5 27. Qxe3 gxf4
28. Qxf4 Qxf4 29. gxf4 cxb5 30. Rxc8 Rxc8 31. a6 b6 32. Rb1 Rc4 33. Rxb5 Rxd4
34. g3 Ke6 35. Kf1 Ra4 36. Ke2 Rxa6 37. Rb3 Ra2+ 38. Ke3 Kd6 39. Rc3 d4+ 40.
Kxd4 Rxf2 41. Rc1 Ra2 42. Rd1 Ra4+ 43. Ke3+ Ke6 44. Kf2 Ra3 45. Re1+ Kf5 46.
Rb1 Ra5 47. Rh1 b5 48. Rh5+ Ke4 49. Rc5 Ra2+ 50. Kf1 a6 51. Rc8 b4 52. Rd8 a5
53. Rd1 b3 54. Rb1 a4 0-1

[Event "Brno /Olexa/"]
[Site "?"]
[Date "2013.12.27"]
[Round "3"]
[White "Divis, Jan"]
[Black "Vavrousek, Petr"]
[Result "0-1"]
[WhiteElo "1739"]
[BlackElo "1786"]
[PlyCount "100"]

1. d4 d5 2. Bf4 Nf6 3. Nf3 Bg4 4. Nbd2 Nbd7 5. h3 Bh5 6. c3 e6 7. Qb3 Qc8 8. e3
c5 9. dxc5 Bxc5 10. Bb5 O-O 11. Ne5 Nxe5 12. Bxe5 Be7 13. O-O a6 14. Bd3 Nd7
15. Bh2 Nc5 16. Qc2 Nxd3 17. Qxd3 Bg6 18. Qe2 b5 19. a3 Qb7 20. Rfe1 Rac8 21.
Qf3 a5 22. Rec1 b4 23. axb4 axb4 24. c4 Bf6 25. cxd5 Rxc1+ 26. Rxc1 exd5 27.
Bd6 Rd8 28. Rc7 Qa6 29. Be7 Qa1+ 30. Kh2 Be5+ 31. g3 Bxc7 32. Bxd8 Bxd8 33.
Qxd5 Qa5 34. Qd7 h6 35. Nf3 Bf6 36. b3 Qa8 37. Nh4 Bxh4 38. gxh4 Qe4 39. Kg1
Qe5 40. Qd8+ Kh7 41. Qd1 Qe4 42. Qd4 Qb1+ 43. Kg2 Be4+ 44. Kh2 f6 45. Qxb4 Qh1+
46. Kg3 Qg2+ 47. Kf4 Qh2+ 48. Kg4 Qg2+ 49. Kf4 Qxf2+ 50. Kg4 Qxe3 {
a èerný vyhrál.} 0-1

[Event "Brno /Olexa/"]
[Site "?"]
[Date "2013.12.28"]
[Round "4"]
[White "Spodny, Josef"]
[Black "Paral, Stanislav"]
[Result "0-1"]
[WhiteElo "2009"]
[BlackElo "2068"]
[PlyCount "138"]

1. e4 Nf6 2. e5 Nd5 3. c4 Nb6 4. c5 Nd5 5. Nc3 c6 6. Bc4 d6 7. Qb3 dxe5 8. Nxd5
cxd5 9. Bxd5 e6 10. Bxb7 Bxb7 11. Qxb7 Qd5 12. Qc8+ {(R)} Ke7 13. Qc7+ {(R)}
Kf6 14. Ne2 Na6 15. Qa5 Nxc5 16. O-O Nd3 17. Qa4 g5 18. Nc3 Qd4 19. Ne4+ Kg6
20. Qxd4 exd4 21. f3 Rb8 22. b3 Bb4 23. a3 Ba5 24. b4 Bb6 25. Rb1 Rhc8 26. Nf2
Nxf2 27. Kxf2 d3+ 28. Ke1 Rc2 29. Bb2 Rbc8 30. Kd1 R8c4 31. Re1 Rh4 32. h3 Rhc4
33. Bc3 Bf2 34. Re4 Rxe4 35. fxe4 {(R)} g4 36. hxg4 Kg5 37. a4 Ra2 38. Ra1
Rxa1+ 39. Bxa1 Kf4 40. b5 Kxe4 41. Bf6 Kd5 42. Be7 Kc4 43. Kc1 Bc5 44. Bf6 Kb4
45. Kb2 Kxa4 46. Kc3 Kxb5 47. Kxd3 Bb4 48. Kc2 Kc4 49. d3+ Kd5 50. Kb3 Bd6 51.
Bc3 Be5 52. Bd2 Bd4 53. Bf4 Bb6 54. Bg5 Ke5 55. Kc4 Bf2 56. Bd2 f5 57. gxf5
Kxf5 58. Bb4 h5 59. Be7 e5 60. Kd5 Bd4 61. Bb4 Kf4 62. Be1 Ke3 63. Kc4 Ke2 64.
Bh4 Kf1 65. g3 Ke2 66. Bd8 Kf3 67. Bh4 a6 68. Kd5 a5 69. Kc4 Bf2 0-1

[Event "Brno /Olexa/"]
[Site "?"]
[Date "2013.12.28"]
[Round "4"]
[White "Martirosyan, Ara"]
[Black "Snorek, Milan"]
[Result "0-1"]
[WhiteElo "1627"]
[BlackElo "2129"]
[PlyCount "64"]

1. Nf3 d5 2. g3 Nf6 3. Bg2 c6 4. O-O Bf5 5. d3 e6 6. Nbd2 h6 7. b3 a5 8. a4
Nbd7 9. Bb2 Be7 10. Ne5 Nxe5 11. Bxe5 O-O 12. e4 dxe4 13. Nxe4 Nd5 14. Qe2 f6
15. Bb2 e5 16. Rfd1 Re8 17. Qh5 Qd7 18. Bf3 Kh7 19. Nc3 g6 20. Qh4 Nb4 21. Rac1
g5 22. Qc4 Kg7 23. Bh5 Rf8 24. g4 Bh7 25. Ne4 Bg8 26. Nc5 Qc8 27. Qe4 Bxc5 28.
Bxe5 Bh7 29. Qc4 Bxf2+ 30. Kxf2 fxe5+ 31. Kg3 Qd7 32. Rf1 Qd5 0-1